000 00624nam a22001817a 4500
003 UA-OsUOA
001 15204
007 ta
008 20031102b un ||||| |||| 00| 0 ukr d
100 _aКлен С.
942 _cSA
040 _aUA-OsUOA
_cUA-OsUOA
_dUA-OsUOA
245 _aУ новий навчальний рік - під патронатом Президента вступив Національний університет "Острозька академія"
300 _aС.6
955 _a0
773 0 _w0
_tСім днів
_dРівне
_d2003
_g№36/5 верес./
650 7 _aАкадемії
_2UDC
999 _c301369
_d301369